Nonstandard analysis: a practical guide with applications

Guardado en:
Detalles Bibliográficos
Autores principales: Lutz, Robert (autor), Goze, Michael (Autor)
Formato: Libro
Lenguaje:inglés
Publicado: Berlín Springer-Verlag 1981
Colección:Lecture Notes in Mathematics, 881
Materias:
Etiquetas: Agregar Etiqueta
Sin Etiquetas, Sea el primero en etiquetar este registro!

MARC

LEADER 00000nam a2200000 a 4500
001 UCP1646
003 CL-VaPUC
008 990416e19810000GW |||||||||||||||||eng|d
082 0 4 |a 515  |b LUT  |2 21 
100 |a Lutz, Robert  |e autor  |9 427819 
700 0 |a Goze, Michael  |e author  |9 427820 
245 1 0 |a Nonstandard analysis: a practical guide with applications 
300 |a 261 p 
942 |c BK 
945 |d 19990416 00:00:00  |a crobeson 
260 |a Berlín  |b Springer-Verlag  |c 1981 
650 0 |a Análisis numérico   |9 259387 
650 0 |a Análisis matemático   |9 260146 
583 |a last modification  |c 19990416 00:00:00  |k Rodrigo Vera 
490 0 |a Lecture Notes in Mathematics, 881 
999 |c 280311  |d 280309 
952 |0 0  |1 0  |4 0  |6 515_000000000000000_LUT_1981  |7 0  |8 A  |9 320562  |a BIBMAT  |b BIBMAT  |d 2019-11-20  |i 1343793  |o 515 LUT 1981  |p 1343793  |r 2025-01-07  |w 2019-11-20  |y BK  |k MAT